Theory and experiment on thermal physics / (Record no. 127565)

MARC details
000 -LEADER
fixed length control field 00739nam a22002537a 4500
003 - CONTROL NUMBER IDENTIFIER
control field 0
005 - DATE AND TIME OF LATEST TRANSACTION
control field 20180716110922.0
008 - FIXED-LENGTH DATA ELEMENTS--GENERAL INFORMATION
fixed length control field 0
010 ## - LIBRARY OF CONGRESS CONTROL NUMBER
LC control number B-229139
020 ## - INTERNATIONAL STANDARD BOOK NUMBER
Terms of availability 285.00
International Standard Book Number 8173815046
035 ## - SYSTEM CONTROL NUMBER
System control number B-229139, B-229140
037 ## - SOURCE OF ACQUISITION
Source of stock number/acquisition Cen Lib/Ret
040 ## - CATALOGING SOURCE
Original cataloging agency DPL
Language of cataloging EN
Transcribing agency 0
082 ## - DEWEY DECIMAL CLASSIFICATION NUMBER
Classification number 536.6
Item number CHA
100 ## - MAIN ENTRY--PERSONAL NAME
Personal name Chakravarti, P.K.
9 (RLIN) 20857
245 ## - TITLE STATEMENT
Title Theory and experiment on thermal physics /
Statement of responsibility, etc by P.K.Chakravarti
260 ## - PUBLICATION, DISTRIBUTION, ETC. (IMPRINT)
Place of publication, distribution, etc Kalkata
Name of publisher, distributor, etc New Central Book Agency
Date of publication, distribution, etc 2006
270 ## - ADDRESS
Address 8/1,Chintamoni Das Lane
City Kalkata
Postal code 700009
300 ## - PHYSICAL DESCRIPTION
Extent 629p. :
Dimensions 22cm(Hb)
Other physical details ill.
500 ## - GENERAL NOTE
General note Includes index
650 ## - SUBJECT ADDED ENTRY--TOPICAL TERM
Topical term or geographic name as entry element Thermodynamics
9 (RLIN) 14527
650 ## - SUBJECT ADDED ENTRY--TOPICAL TERM
Topical term or geographic name as entry element Statistical mechanics
9 (RLIN) 20858
942 ## - ADDED ENTRY ELEMENTS (KOHA)
Source of classification or shelving scheme Dewey Decimal Classification
Koha item type English Books
Classification part 536.6
Call number suffix CHA
Holdings
Withdrawn status Lost status Damaged status Not for loan Home library Current library Date acquired Source of acquisition Cost, normal purchase price Total Checkouts Full call number Barcode Date last seen Copy number Cost, replacement price Price effective from Koha item type Source of classification or shelving scheme Collection code Date checked out
        Central Library Central Library 29/06/2015 Cen Lib/Ret 285.00   536.6 CHA B-229139 29/06/2015 1 285.00 29/06/2015 English Books      
        Patel Nagar Patel Nagar 16/07/2018 BPPD/Pub 285.00 1 536.6 CHA B-229140 11/09/2021   536.60 16/07/2018 English Books Dewey Decimal Classification Non-fiction 09/09/2021
        Sarojini Nagar Sarojini Nagar 28/05/2019       536.6 CHA B-229141 28/05/2019     28/05/2019 English Books Dewey Decimal Classification Non-fiction  

© Delhi Public Library
Hit Counter
free hit counter